|
|
|
|
| LEADER |
01500nam a2200349 a 4500 |
| 001 |
000887793 |
| 003 |
BD-DhAAL |
| 005 |
20230525144421.0 |
| 008 |
110125s1999 it a bc 000 0 eng d |
| 020 |
|
|
|a 888118382X
|
| 040 |
|
|
|a NYP
|c NYP
|d TXH
|d UMC
|d MYG
|d BD-DhAAL
|
| 041 |
1 |
|
|a eng
|
| 082 |
0 |
4 |
|a 748.295
|2 21
|
| 100 |
1 |
|
|a Barovier, Marino.
|9 32086
|
| 240 |
1 |
0 |
|a Carlo Scarpa.
|l English
|
| 245 |
1 |
0 |
|a Carlo Scarpa :
|b glass of an architect /
|c Marino Barovier ; [translations, Nicholas Holland Brendan, Maria Luisa Sala].
|
| 246 |
3 |
|
|a Glass of an architect
|
| 260 |
|
|
|a Milano :
|b Skira,
|c c1998.
|
| 300 |
|
|
|a 303 p. :
|b ill. (some col.) ;
|c 28 cm.
|
| 500 |
|
|
|a Catalog of an exhibition held at the Palazzo Martinengo, Brescia, in 1997 and at Art Media, Brussels, 1998.
|
| 504 |
|
|
|a Includes bibliographical references (p. 302-303).
|
| 526 |
|
|
|a ARC
|
| 541 |
1 |
|
|e 00021682
|
| 600 |
1 |
0 |
|a Scarpa, Carlo,
|d 1906-1978
|v Exhibitions.
|9 32087
|
| 650 |
|
0 |
|a Architect-designed glassware
|z Italy
|x History
|y 20th century
|v Exhibitions.
|9 32088
|
| 650 |
|
0 |
|a Glassware
|z Italy
|x History
|y 20th century
|v Exhibitions.
|9 32089
|
| 700 |
1 |
|
|a Scarpa, Carlo,
|d 1906-1978.
|9 32090
|
| 710 |
2 |
|
|a Palazzo Martinengo (Brescia, Italy)
|9 32091
|
| 852 |
|
|
|a Ayesha Abed Library
|c General Shelf.
|
| 942 |
|
|
|2 ddc
|c BK
|
| 999 |
|
|
|c 10400
|d 10400
|
| 952 |
|
|
|0 0
|1 0
|2 ddc
|4 0
|6 748_295000000000000_BAR
|7 0
|9 14220
|a BRACUL
|b BRACUL
|c GEN
|d 2011-01-27
|e Zeenat Book Supply Ltd.
|g 5193.00
|l 0
|o 748.295 BAR
|p 3010021682
|r 2011-01-27
|t 1
|w 2011-01-27
|y BK
|